A principle in torment. (Record no. 1016)
[ view plain ]
| 000 -LEADER | |
|---|---|
| fixed length control field | 00829nam a2200265 a 4500 |
| 001 - CONTROL NUMBER | |
| control field | 1016 |
| 003 - CONTROL NUMBER IDENTIFIER | |
| rucl marc code | BD-RjUL |
| 005 - DATE AND TIME OF LATEST TRANSACTION | |
| control field | 20211208233250.0 |
| 008 - FIXED-LENGTH DATA ELEMENTS--GENERAL INFORMATION | |
| fixed length control field | 131124s1971 nyu 000 0 eng d |
| 035 ## - SYSTEM CONTROL NUMBER | |
| System control number | oxf98501375 |
| -- | (BD-RjUL)1038 |
| 040 ## - CATALOGING SOURCE | |
| Original cataloging agency | EQO |
| Language of cataloging | eng |
| Transcribing agency | BD-RjUL |
| Modifying agency | BD-RjUL |
| 041 ## - LANGUAGE CODE | |
| Language code of text/sound track or separate title | eng |
| 082 ## - DEWEY DECIMAL CLASSIFICATION NUMBER | |
| Classification number | 341.1396891 |
| Author mark and year | PRI 1971 |
| 110 2# - MAIN ENTRY--CORPORATE NAME | |
| Corporate name or jurisdiction name as entry element | United Nations. |
| Subordinate unit | Office of Public Information. |
| 9 (RLIN) | 116127 |
| 245 12 - TITLE STATEMENT | |
| Title | A principle in torment. |
| Number of part/section of a work | 3, |
| Name of part/section of a work | The United Nations and Namibia. |
| 246 10 - VARYING FORM OF TITLE | |
| Title proper/short title | The United Nations and Namibia. |
| 260 ## - PUBLICATION, DISTRIBUTION, ETC. (IMPRINT) | |
| Place of publication, distribution, etc. | New York : |
| Name of publisher, distributor, etc. | United Nations, |
| Date of publication, distribution, etc. | 1971. |
| 300 ## - PHYSICAL DESCRIPTION | |
| Pagination | 44 p. : |
| Illustrations | maps. ; |
| Size | 23 cm. |
| 610 20 - SUBJECT ADDED ENTRY--CORPORATE NAME | |
| Corporate name or jurisdiction name as entry element | United Nations. |
| 650 #0 - SUBJECT ADDED ENTRY--TOPICAL TERM | |
| Topical term or geographic name as entry element | International relations. |
| 9 (RLIN) | 2991 |
| Topical term or geographic name as entry element | Government and politics. |
| 9 (RLIN) | 2992 |
| 651 #0 - SUBJECT ADDED ENTRY--GEOGRAPHIC NAME | |
| Geographic name | Namibia. |
| 9 (RLIN) | 2993 |
| Geographic name | South Africa. |
| 9 (RLIN) | 2994 |
| 942 ## - ADDED ENTRY ELEMENTS (KOHA) | |
| Source of classification or shelving scheme | Dewey Decimal Classification |
| Koha item type | Books |
| Lost status | Source of classification or shelving scheme | Damaged status | Not for loan | Collection code | Permanent Location | Current Location | Shelving location | Date acquired | Source of acquisition | Cost, normal purchase price | Total Checkouts | Full call number | Date last seen | Copy number | Koha item type |
|---|---|---|---|---|---|---|---|---|---|---|---|---|---|---|---|
| Dewey Decimal Classification | Not For Loan | Non-fiction | Central Library, University of Rajshahi | Central Library, University of Rajshahi | Reading Room | 26/09/1974 | Gono Prakashoni | 3.60 | 341.1396891 PRI 1971 | 24/11/2013 | C-1 | Books | |||
| Dewey Decimal Classification | Non-fiction | Central Library, University of Rajshahi | Central Library, University of Rajshahi | 26/09/1974 | Gono Prakashoni | 9.60 | 341.1396891 PRI 1971 | 24/11/2013 | C-2 | Books |